000 00781nam a2200253Ia 4500
003 OSt
005 20220918204106.0
006 a|||||r|||| 00| 0
007 ta
008 220917b |||||||| |||| 00| 0 eng d
024 _a110,941
037 _cTextual
040 _aARTS
_cARTS
_beng
041 _2eng
_aeng
082 _aV5,4z7, M2-;1
100 _aMorgan Roger ed
_9110670
245 0 _aModerates and conservatives in Western Europe
_b political parties, the European community and the Atlantic alliance
260 _aLondon
_bHeineman
_c1982
300 _aviii,280p.
_ccm.
650 _aHISTORY
700 _a Silvestri Stefano ed
_9110671
942 _hV5,4z7, M2-;1
_cTEXL
_2CC
999 _c234290
_d234290